000 00816cam a22002651a 4500
999 _c7212
_d7212
001 7212
003 BD - Jhcc
005 20180418165219.0
008 810709s1955 enk 001 0 eng
035 _a(BD - Jhcc)7212
040 _aDLC
_cPPStCh
_dTQG
_dDLC
_dBD - Jhcc
041 _aeng
050 0 0 _aBP161
_b.A335 1955
082 _bALI 1955
_a297
100 1 _aAli, Syed Ameer,
_d1849-1928.
245 1 4 _aThe spirit of Islam :
_ba history of the evolution and ideals of Islam, with a life of the Prophet /
_cSyed Ameer Ali,
250 _a[Rev. ed.]
260 _aLondon :
_bChristophers
_c[1955]
300 _alxxi, 515 p. :
_bfront. (facsim.) ;
_c22 cm.
504 _aBibliographical index: p. 513-515.
600 0 0 _aMuḼammad,
_cProphet,
_d-632.
650 0 _aIslam.
942 _2ddc
_cBK